BTS NORMAL - Lyrics - Statistics

General Stats
  • This quiz has been taken 38 times
    15 since last reset
  • The average score is 296 of 407
Answer Stats
Lyrics % Correct
do?
100%
dopamine,
100%
I
100%
a
91%
all
91%
and
91%
And
91%
feel?
91%
Got
91%
is
91%
Is
91%
me
91%
me?
91%
me,
91%
me)
91%
the
91%
then
91%
things
91%
you
91%
you?
91%
blue?
82%
bulletproof
82%
call
82%
choose
82%
different
82%
fame,
82%
Fantasy
82%
feelin'
82%
for
82%
love,
82%
make
82%
No,
82%
no,
82%
normal
82%
Normal
82%
normal,
82%
red?
82%
shit
82%
Show
82%
show
82%
this
82%
unusual
82%
we
82%
we,
82%
yeah,
82%
Yeah,
82%
yeah
82%
away,
73%
away
73%
color
73%
don't
73%
'em
73%
gotta
73%
had
73%
hate,
73%
it
73%
Kerosene,
73%
know
73%
my
73%
of
73%
on
73%
Run
73%
sigh,
73%
to
73%
turn
73%
want
73%
(Want
73%
what
73%
What
73%
when
73%
Wish
73%
ain't
64%
both
64%
But
64%
chemical-induced
64%
from
64%
heal
64%
just
64%
knees-ees
64%
minute
64%
off
64%
out
64%
pushin'
64%
sight,
64%
truth,
64%
up
64%
wall
64%
Will
64%
coin,
55%
even
55%
feelings
55%
hell
55%
'posed
55%
sides
55%
some
55%
that
55%
(That
55%
they
55%
times
55%
true
55%
Two
55%
wanted
55%
are
45%
chasin'
45%
fades
45%
heart
45%
Heavy
45%
keep
45%
like
45%
live
45%
pullin'
45%
real
45%
real)
45%
head
36%
How
36%
I'm
36%
Now
36%
part
36%
said
36%
stay
36%
steel
36%
thousand
36%
was
36%
everything
27%
If
27%
lines
27%
made
27%
never
27%
pain
27%
special,
27%
Suddenly,
27%
understand
27%
Used
27%
with
27%
breathe
18%
built
18%
callin'
18%
deep
18%
heard
18%
think
18%
try
18%
(Ah-ooh)
9%
everything's
9%
happy,
9%
slips
9%
hauntin'
0%
mm,
0%
One
0%
(Woo-woo)
0%
No matching quizzes found
Score Distribution
Percent of People with Each Score
Percentile by Number Answered
Your Score History
You have not taken this quiz since the last reset